000 00585nam a2200229 a 4500
001 0001-0958
003 ELIB.Books
008 140912 2010 eng
035 _a(ELIB.Books)0001-1112
092 _a261.55
_bJon
100 _aJones, Stanton L
245 _aModern Psychotherapies
260 _aDowners Grove
_bInterVarsity Press
_c1991
300 _a425
_c23.5 Cm
500 _aDr. Yahalaylayla
650 _aPsychotherapy
856 _nKBTS; Library
_uKBTS; Elib.
942 _2ddc
_cBK
990 _a1
998 _cbat
_e2014-09-12
999 _c10958
_d10958